Manual práctico de ceremonial y relaciones públicas / (Record no. 9710)

MARC details
000 -LEADER
fixed length control field 00678nam a22002177a 4500
005 - DATE AND TIME OF LATEST TRANSACTION
control field 20231011172226.0
008 - FIXED-LENGTH DATA ELEMENTS--GENERAL INFORMATION
fixed length control field 231009b ||||| |||| 00| 0 spa d
020 ## - INTERNATIONAL STANDARD BOOK NUMBER
International Standard Book Number 978-987-27267-1-3
040 ## - CATALOGING SOURCE
Transcribing agency AR-FvUNAJ
082 14 - DEWEY DECIMAL CLASSIFICATION NUMBER
Edition number 14
Classification number 659.2
100 1# - MAIN ENTRY--PERSONAL NAME
9 (RLIN) 19060
Personal name Castiglia, Julio Alberto
245 10 - TITLE STATEMENT
Title Manual práctico de ceremonial y relaciones públicas /
Statement of responsibility, etc Julio Alberto Castiglia.
250 ## - EDITION STATEMENT
Edition statement 1a ed.
260 ## - PUBLICATION, DISTRIBUTION, ETC. (IMPRINT)
Place of publication, distribution, etc Buenos Aires :
Name of publisher, distributor, etc Guardacostas,
Date of publication, distribution, etc 2011.
300 ## - PHYSICAL DESCRIPTION
Extent 192 p.
650 17 - SUBJECT ADDED ENTRY--TOPICAL TERM
Source of heading or term unescot
9 (RLIN) 427
Topical term or geographic name as entry element RELACIONES PUBLICAS
650 27 - SUBJECT ADDED ENTRY--TOPICAL TERM
Source of heading or term unescot
9 (RLIN) 7829
Topical term or geographic name as entry element ORATORIA
650 27 - SUBJECT ADDED ENTRY--TOPICAL TERM
Source of heading or term unescot
9 (RLIN) 756
Topical term or geographic name as entry element COMUNICACION
942 ## - ADDED ENTRY ELEMENTS (KOHA)
Source of classification or shelving scheme Dewey Decimal Classification
Item type Libro, folleto, traducción
980 ## - EQUIVALENCE OR CROSS-REFERENCE-SERIES STATEMENT--PERSONAL NAME/TITLE [LOCAL, CANADA]
Linkage 21567
Personal name Villalba
Field link and sequence number 21574
Miscellaneous information Carrizo
Holdings
Withdrawn status Lost status Source of classification or shelving scheme Damaged status Not for loan Home library Current library Date acquired Source of acquisition Total Checkouts Full call number Barcode Date last seen Price effective from Koha item type
    Dewey Decimal Classification     Biblioteca Central Biblioteca Central 09/10/2023 Donación.   659.2 CAS UNAJ23100128 17/03/2025 09/10/2023 Libro, folleto, traducción

Lunes a Viernes 8:30 a 19:00 hs. Cerrado por mudanza
Av.Calchaqui 6200 Florencio Varela (CP188) 2°piso Edificio Mosconi Aula 209-210
Mail: bibliotecacentralunaj@gmail.com  
Whatsapp(54 9)1122668024    ❔Pregunte a la bibliotecaria
© Universidad Nacional Arturo Jauretche | Secretaría Académica | Biblioteca Central UNAJ